Loading...

Anthropology and anthropologists : Modern British school /

Bibliographic Details
Main Author: Kuper, Adam .
Format: Printed Book
Published: London : Routledge & Kegan Paul; 1983.
Subjects:
LEADER 00528cam a2200157ua 4500
999 |c 33208  |d 33208 
020 |a 0710094094 
082 1 4 |a 306  |b KUP-A 
100 1 |a Kuper, Adam . 
245 1 0 |a Anthropology and anthropologists :  |b Modern British school /  
260 |a London :   |b Routledge & Kegan Paul;  |c 1983. 
300 |a 228p ;  
650 0 |a Ethnology-Great Britain-History 
650 0 |a Ethnologists-Great Britain 
942 |c BK 
952 |0 0  |1 0  |4 0  |6 306_000000000000000_KUPA  |7 0  |9 42590  |a KU  |b KU  |d 2015-07-05  |l 0  |o 306 KUP-A  |p AN00824  |r 2015-07-05  |y BK